Countries Apart From Ireland That....... - Statistics

General Stats
  • This quiz has been taken 104 times
    77 since last reset
  • The average score is 16 of 24
Answer Stats
Answer % Correct
Begin with I Iceland
93%
End in Land Iceland
93%
Begin with I India
88%
Have an Orange Green and White Flag India
88%
Begin with I Iran
83%
Begins with vowel followed by R Iran
83%
Begin with I Iraq
83%
Begins with vowel followed by R Iraq
83%
Begin with I Indonesia
78%
Begin with I Ivory Coast
78%
Have an Orange Green and White Flag Ivory Coast
78%
Begin with I Italy
75%
End in Land Finland
74%
End in Land Poland
70%
Begin with I Israel
62%
Begins with vowel followed by R Armenia
58%
End in Land New Zealand
57%
End in Land Swaziland
55%
End in Land Thailand
55%
Begins with vowel followed by R Eritrea
51%
End in Land Switzerland
48%
Begins with vowel followed by R Uruguay
45%
Begins with vowel followed by R Argentina
43%
Have an Orange Green and White Flag Cyprus
6%
No matching quizzes found
Score Distribution
Percent of People with Each Score
Percentile by Number Answered
Your Score History
You have not taken this quiz since the last reset